| 000 | 00882nam a2200241 i 4500 | ||
|---|---|---|---|
| 001 | 130853 | ||
| 003 | ES-MaACL | ||
| 005 | 20240228185852.0 | ||
| 007 | t| | ||
| 008 | 070810s1978 sp ||||1| spa d | ||
| 100 | 1 |
_aZentner, Christian. _9118188 |
|
| 245 | 1 | 4 |
_aLas guerras de la posguerra / _cChristian Zentner ; [traducción de Antonio Tomás Todolí y José M. Pomares]. |
| 260 |
_aBarcelona : _bBruguera, _c[1978] |
||
| 300 |
_a2 v. ; _c27 cm. |
||
| 490 | 1 | _aGrandes guerras de nuestro tiempo | |
| 505 | 8 | _aContiene: I: Conflictos armados de 1945 a 1959 .-- II: Conflictos armados de 1959 a 1973 | |
| 650 | 1 | 4 |
_aHistoria militar- _yS.XX. _913419 |
| 700 | 1 |
_aTomás Todolí, Antonio. _9110530 |
|
| 700 | 0 |
_aPomares, José M., _d1943- _992903 |
|
| 830 | 0 |
_aGrandes guerras de nuestro tiempo _9186848 |
|
| 852 |
_aES-MaACL _jA-9406-7 _bR.98010 |
||
| 999 |
_c130853 _d130853 |
||